Countries that border Algeria - Statistics

General Stats
  • This quiz has been taken 35 times
  • The average score is 6 of 6
Answer Stats
Hint Answer % Correct
5 Niger
97%
3 Tunisia
97%
4 Libya
93%
2 Mali
93%
6 Mauritania
93%
1 Morocco
90%
No matching quizzes found
Score Distribution
Percent of People with Each Score
Percentile by Number Answered
Your Score History
You have not taken this quiz